Library of the University of Algiers 3
Ibrahim Sultan Cheibout
شعار جامعة الجزائر 3
مكتبة جامعة الجزائر 3
إبراهيم سلطان شيبوط

أصول صناعة السياحة / (رقم التسجيلة. 42760)

تفاصيل مارك
000 -LEADER
fixed length control field 01303nam a2200217Ia 4500
003 - CONTROL NUMBER IDENTIFIER
control field Ost
005 - DATE AND TIME OF LATEST TRANSACTION
control field 20260507075058.0
008 - FIXED-LENGTH DATA ELEMENTS--GENERAL INFORMATION
fixed length control field 260507s9999||||xx |||||||||||||| ||und||
020 ## - INTERNATIONAL STANDARD BOOK NUMBER
International Standard Book Number 9644009957
040 ## - CATALOGING SOURCE
Transcribing agency fsecg
041 ## - LANGUAGE CODE
Language code of text/sound track or separate title ara
082 ## - DEWEY DECIMAL CLASSIFICATION NUMBER
Classification number 338.4791
100 ## - MAIN ENTRY--PERSONAL NAME
Personal name الطائي، حميد
Relator term مؤلف
245 #0 - TITLE STATEMENT
Title أصول صناعة السياحة /
Statement of responsibility, etc. حميد الطائي
260 ## - PUBLICATION, DISTRIBUTION, ETC.
Place of publication, distribution, etc. عمان:
Name of publisher, distributor, etc. مؤسسة الوراق,
Date of publication, distribution, etc. 2001
300 ## - PHYSICAL DESCRIPTION
Extent 409 صفحة؛
Other physical details إيضاحات ؛
Dimensions 24 سم
520 ## - SUMMARY, ETC.
Summary, etc. السياحة كمفهوم وفلسفة،التطور التاريخي لصناعة السياحة،العوامل المؤثرة على صناعة السياحة،العوامل الاقتصادية،العوامل البيئية،العوامل الاجتماعية،مستويات التنظيم في صناعة السياحة،السياحة المحلية،سلوك السائح،تطوير مناطق الجذب السياحي،تطوير الصورة الذهنية عن مناطق الجذب السياحي،التخطيط السياحي،نظم المعلومات السياحية ودورها في تطوير السياحة(دراسة حالة الأردن)
653 ## - INDEX TERM--UNCONTROLLED
Uncontrolled term السياحة - اقتصاديات
653 ## - INDEX TERM--UNCONTROLLED
Uncontrolled term السياحة - الاردن
942 ## - ADDED ENTRY ELEMENTS (KOHA)
Koha item type كتب
المقتنيات
Withdrawn status Lost status Source of classification or shelving scheme Damaged status Not for loan Home library Current library Date acquired Serial enumeration / chronology Inventory number Total checkouts Full call number Barcode Date last seen Price effective from Koha item type
    Dewey Decimal Classification   NOT LOAN / إعارة داخلية مكتبة كلية العلوم الإقتصادية والعلوم التجارية وعلوم التسيير مكتبة كلية العلوم الإقتصادية والعلوم التجارية وعلوم التسيير 07/05/2026 الطابق الأرضي 1040/1   أ/1040ن1 1040/1 07/05/2026 07/05/2026 كتب
    Dewey Decimal Classification   Available مكتبة كلية العلوم الإقتصادية والعلوم التجارية وعلوم التسيير مكتبة كلية العلوم الإقتصادية والعلوم التجارية وعلوم التسيير 07/05/2026 الطابق الأرضي 1040/2   أ/1040ن2 1040/2 07/05/2026 07/05/2026 كتب
    Dewey Decimal Classification   Available مكتبة كلية العلوم الإقتصادية والعلوم التجارية وعلوم التسيير مكتبة كلية العلوم الإقتصادية والعلوم التجارية وعلوم التسيير 07/05/2026 الطابق الثاني 1040/3   أ/1040ن3 1040/3 07/05/2026 07/05/2026 كتب

موارد الويب المفتوحة


© University of Algiers 3 All Rights Reserved
|
Implemented by LECHELAH Riad